000 00351nam a22001571a 4500
999 _c49548
_d49548
082 _aH 294.592 1
_bANI/V
100 _aAnirvan
245 _aVed-mimamsa (v.1)/
_cby Anirvan
260 _aDelhi:
_bNag,
_c2003.
300 _a443
650 _aVedic Literature
650 _aHinduism
650 _aReligion
700 _aChavinath Misra
942 _cBK